000
00296nam a2200121Ia 4500
008
220204s9999 xx 000 0 und d
082
_a
54-39
_b
SWE.3
245
0
_a
Organic peroxides. V 3
260
_a
New York
_b
Wiley
_c
1972
650
_a
Organic peroxide
700
_a
Swern, Daniel
942
_c
BK
999
_c
39480
_d
39480